| 000 | 00554ntaaa2200217 4500 | ||
|---|---|---|---|
| 003 | 01 | ||
| 005 | 20251027202926.0 | ||
| 008 | 0714s1973 ag 01 | ||
| 020 | _a843010464X | ||
| 040 |
_aAR-BaBN _bspa _cAR-BaBN _eaacr _dRIC |
||
| 082 | _a922.2810 C14h | ||
| 100 |
_aHornman, Wim _929789 |
||
| 245 | _aEl obispo rojo | ||
| 250 | _a1 ed. | ||
| 260 |
_aSalamanca : _bSígueme, _c1977 |
||
| 300 |
_a311 p ; _c24 cm |
||
| 500 | _aNovela sobre la biografía de Dom Helder Camara | ||
| 650 | _aiglesia-sociedad | ||
| 650 | _aCamara, Helder | ||
| 942 | _cBK | ||
| 999 |
_c24491 _d24491 |
||